<?xml version="1.0" encoding="UTF-8"?>
<record
    xmlns:xsi="http://www.w3.org/2001/XMLSchema-instance"
    xsi:schemaLocation="http://www.loc.gov/MARC21/slim http://www.loc.gov/standards/marcxml/schema/MARC21slim.xsd"
    xmlns="http://www.loc.gov/MARC21/slim">

  <leader>00691cam a2200217Mi 4500</leader>
  <datafield tag="999" ind1=" " ind2=" ">
    <subfield code="c">6866</subfield>
    <subfield code="d">6866</subfield>
  </datafield>
  <datafield tag="020" ind1=" " ind2=" ">
    <subfield code="a">9789864342822</subfield>
    <subfield code="c">NT$500</subfield>
  </datafield>
  <datafield tag="100" ind1="1" ind2=" ">
    <subfield code="a">&#x937E;, &#x6587;&#x6B66;</subfield>
  </datafield>
  <datafield tag="245" ind1="1" ind2="0">
    <subfield code="a">&#x5B78;&#x6703;&#x5C08;&#x6848;&#x7BA1;&#x7406;&#x7684;12&#x5802;&#x8AB2; =</subfield>
    <subfield code="b">Project management /</subfield>
    <subfield code="c">&#x937E;&#x6587;&#x6B66;&#x8457;</subfield>
  </datafield>
  <datafield tag="250" ind1=" " ind2=" ">
    <subfield code="a">&#x521D;&#x7248;</subfield>
  </datafield>
  <datafield tag="260" ind1=" " ind2=" ">
    <subfield code="a">&#x65B0;&#x5317;&#x5E02; :</subfield>
    <subfield code="b">&#x535A;&#x78A9;&#x6587;&#x5316;,</subfield>
    <subfield code="c">2018[&#x6C11;107]</subfield>
  </datafield>
  <datafield tag="300" ind1=" " ind2=" ">
    <subfield code="a">1&#x518A; :</subfield>
    <subfield code="b">&#x5716; ;</subfield>
    <subfield code="c">23&#x516C;&#x5206;</subfield>
  </datafield>
  <datafield tag="500" ind1=" " ind2=" ">
    <subfield code="a">&#x542B;&#x7D22;&#x5F15;</subfield>
  </datafield>
  <datafield tag="500" ind1=" " ind2=" ">
    <subfield code="a">&#x9644;&#x9304;: &#x514D;&#x8CBB;&#x6392;&#x7A0B;&#x8EDF;&#x9AD4;-ProjectLibre&#x5B89;&#x88DD;&#x8207;&#x4F7F;&#x7528;&#x7B49;3&#x7A2E;</subfield>
  </datafield>
  <datafield tag="942" ind1=" " ind2=" ">
    <subfield code="2">ccl</subfield>
    <subfield code="c">BOOK</subfield>
  </datafield>
  <datafield tag="952" ind1=" " ind2=" ">
    <subfield code="0">0</subfield>
    <subfield code="1">0</subfield>
    <subfield code="2">ccl</subfield>
    <subfield code="4">0</subfield>
    <subfield code="7">0</subfield>
    <subfield code="a">yeezen</subfield>
    <subfield code="b">yeezen</subfield>
    <subfield code="c">YEEZEN</subfield>
    <subfield code="d">2018-09-12</subfield>
    <subfield code="l">6</subfield>
    <subfield code="m">4</subfield>
    <subfield code="o">494</subfield>
    <subfield code="p">C02446</subfield>
    <subfield code="r">2024-11-20 00:00:00</subfield>
    <subfield code="s">2024-10-23</subfield>
    <subfield code="w">2018-09-12</subfield>
    <subfield code="y">BOOK</subfield>
    <subfield code="z">&#x672C;&#x66F8;&#x975E;&#x5E38;&#x9069;&#x5408;&#x505A;&#x70BA;&#x5B78;&#x7FD2;&#x5C08;&#x6848;&#x7BA1;&#x7406;&#x7684;&#x7B2C;&#x4E00;&#x672C;&#x66F8;&#xFF0C;&#x5168;&#x66F8;&#x4EE5;&#x8C50;&#x5BCC;&#x7684;&#x6848;&#x4F8B;&#x642D;&#x914D;&#x6DFA;&#x986F;&#x7684;&#x8AAA;&#x660E;&#x65B9;&#x5F0F;&#xFF0C;&#x8F15;&#x9B06;&#x5F15;&#x9818;&#x8B80;&#x8005;&#x9032;&#x5165;&#x5C08;&#x6848;&#x7BA1;&#x7406;&#x7684;&#x9818;&#x57DF;&#x3002;&#x6B64;&#x5916;&#xFF0C;&#x672C;&#x66F8;&#x4EA6;&#x5C08;&#x7AE0;&#x4ECB;&#x7D39;&#x8D8A;&#x4F86;&#x8D8A;&#x76DB;&#x884C;&#x7684;&#x300C;&#x654F;&#x6377;&#x5F0F;&#x5C08;&#x6848;&#x7BA1;&#x7406;&#x300D;&#xFF0C;&#x6B64;&#x65B9;&#x6CD5;&#x7684;&#x767C;&#x5C55;&#x4FC2;&#x56E0;&#x61C9;&#x74B0;&#x5883;&#x53CA;&#x79D1;&#x6280;&#x7684;&#x6025;&#x907D;&#x8B8A;&#x52D5;&#x800C;&#x751F;&#x3002;&#x5728;&#x9700;&#x8981;&#x5FEB;&#x901F;&#x53CD;&#x61C9;&#x5E02;&#x5834;&#x9700;&#x6C42;&#x7684;&#x5C08;&#x6848;&#x4E0A;&#xFF0C;&#x900F;&#x904E;&#x654F;&#x6377;&#x5F0F;&#x624B;&#x6CD5;&#xFF0C;&#x5C07;&#x80FD;&#x66F4;&#x65E9;&#x7522;&#x51FA;&#x6210;&#x679C;&#xFF0C;&#x6574;&#x5408;&#x5404;&#x65B9;&#x8CC7;&#x6E90;&#x8207;&#x61C9;&#x8B8A;&#x5BA2;&#x6236;&#x9700;&#x6C42;&#xFF0C;&#x7372;&#x53D6;&#x7D44;&#x7E54;&#x5229;&#x76CA;&#x3002;</subfield>
  </datafield>
</record>
